Calciatori con almeno 100 gol in Serie A - Morte improvvisa - Statistics

Statistiche generali
  • Questo quiz è stato fatto 2.672 volte
    1.253 dall'ultimo reset
  • Il punteggio medio è 6 su 15
Answers on the Grid
Answers color-coded by a green-red scale on the quiz's grid according to % correct below.
Silvio Piola
Francesco Totti
Gunnar Nordahl
Giuseppe Meazza
Antonio Di Natale
Roberto Baggio
Ciro Immobile
Alessandro Del Piero
Alberto Gilardino
Lautaro Martínez
Fabio Quagliarella
Luca Toni
Zlatan Ibrahimović
Roberto Mancini
Paulo Dybala
Marco Borriello
Josip Iličić
Lorenzo Insigne
Mirko Vučinić
Dušan Vlahović
Romelu Lukaku
Alessandro Matri
Gianfranco Zola
Rafael Leão
Diego Milito
Marco van Basten
Diego Maradona
Paolo Rossi
Julio Cruz
Cristiano Ronaldo
 
Statistiche sulle risposte
Risposta % Corretto
Francesco Totti
54%
Ciro Immobile
52%
Alessandro Del Piero
50%
Antonio Di Natale
47%
Lautaro Martínez
44%
Zlatan Ibrahimović
43%
Fabio Quagliarella
41%
Giuseppe Meazza
36%
Silvio Piola
36%
Roberto Baggio
35%
Luca Toni
34%
Gunnar Nordahl
30%
Paulo Dybala
30%
Alberto Gilardino
25%
Roberto Mancini
17%
Nessun quiz corrispondente trovato
Distribuzione punteggi
Percentuale di utenti per punteggio
Percentile per numero di risposta
I tuoi punteggi nel tempo
Non hai fatto questo quiz dall'ultimo reset